| 000 | 00442cam a2200169ua 4500 | ||
|---|---|---|---|
| 020 | _c295.00 | ||
| 041 |
_aeng _h |
||
| 082 |
_a660 _bWEI/PR |
||
| 100 | _aWei, James . | ||
| 245 |
_aProduct engineering: molecular structure and properties / _cJames Wei. _hTextual Documents |
||
| 260 |
_aCalcutta : _bOxford University Press , _c2007. |
||
| 300 | _a ; . | ||
| 365 | _a295.00 | ||
| 504 | _a | ||
| 942 | _cBK | ||
| 999 |
_c13480 _d13480 |
||